[Event "3rd GRENKE Chess Open 2018"]
[Site "Karlsruhe"]
[Date "2018.04.02"]
[Round "9"]
[White "Ider, Borya"]
[Black "Wang, Hao"]
[Result "0-1"]
[WhiteElo "2505"]
[BlackElo "2713"]
[Annotator "TA"]
[PlyCount "116"]
[EventDate "2018.??.??"]
[EventType "swiss"]
[EventCountry "GER"]
[SourceTitle "playchess.com"]
[Source "ChessBase"]
[SourceQuality "1"]

{[%evp 16,116,-29,-27,-12,-37,-35,-48,-37,-31,-27,-58,-31,-41,-33,-42,-35,-33,-23,-29,-23,-18,-16,-18,-6,-27,-28,-31,0,-21,-22,-38,-39,-39,-36,-43,-34,-52,-52,-89,-77,-100,-65,-79,-64,-93,-59,-59,-59,-65,-59,-59,-59,-59,0,-53,-54,-54,-54,-90,-59,-69,-63,-76,-6,-6,-9,-8,0,0,0,0,0,-9,0,0,0,-7,-7,0,0,0,0,0,0,0,0,0,0,-105,-105,-248,-252,-301,-301,-355,-353,-450,-443,-472,-458,-1022,-1021]} 1. d4 Nf6 2. Bf4 g6 3. e3 Bg7 4. Nf3 d6 5. h3 O-O 6. Be2 b6 7. O-O Bb7 8. c4 Ne4 {A48: 1 d4 Nf6 2 Nf3 g6: Torre, London and Colle Systems} (8... Nbd7 9. Bh2 e6 10. Nfd2 Re8 11. Nc3 e5 12. Bf3 Qc8 13. Rc1 Bh6 14. Rc2 a5 15. Nb5 Bf8 16. b3 {0-1 (51) Caruana,F (2804)-Vachier Lagrave,M (2789) Paris 2016}) 9. Nbd2 {LiveBook: 5 Games} Nxd2 10. Nxd2 $146 ({Find the theoretical novelty and annotate with similar games:} 10. Qxd2 Nd7 11. Rfd1 {½-½ (11) Hertneck,G (2555)-Mohr,S (2465) Bad Lauterberg 1991}) 10... e5 {Black is slightly better.} 11. dxe5 dxe5 12. Bg3 Qe7 13. Qc2 Nd7 {[%cal Bb8d7,Bd7c5,Bc5d3][%mdl 32]} 14. Bf3 Bxf3 15. Nxf3 e4 16. Nd4 Nc5 17. Nb5 Be5 18. Bxe5 Qxe5 19. Qc3 Qe7 20. Rad1 Nd3 21. Nd4 Qg5 22. b4 a5 23. b5 Rad8 24. Nc6 Rd7 25. Nd4 Rfd8 {Hoping for ...Rxd4!} 26. Rxd3 exd3 27. Rd1 Qe5 28. Rxd3 Rd6 29. Rd2 h5 {[%cal Bh7h5,Bh5h4][%mdl 32]} 30. Qc2 h4 31. Rd1 Kg7 32. Rc1 R8d7 33. Qc3 Qf6 34. Qc2 Qe5 35. Qc3 $1 Re7 36. Qc2 Qc5 37. Nf3 Red7 38. Nd4 Kg8 39. Qe4 Qa3 (39... Rxd4 $17 40. exd4 Rxd4) 40. Rc2 $11 Qb4 41. Kh2 Qb1 42. Qe8+ Kh7 43. Qe4 Kg7 {Threatens to win with ...Rf6.} 44. Qe5+ Rf6 {...Rxd4! is the strong threat.} 45. Rd2 {White wants to mate with Ne6+!} Rdd6 46. c5 $132 {[%mdl 2048] White puts up resistance} bxc5 47. Qxc5 Qe1 48. Qc2 {[#]} a4 $1 {[%mdl 512]} 49. a3 (49. Qxa4 Qxd2) 49... Rd5 50. Re2 Qf1 51. f3 Rd7 52. Qb2 (52. Rd2 $1 $11 Qe1 53. Nf5+ $1 {[%mdl 512]} Rxf5 54. Qb2+ Kh7 55. Rxd7) 52... Kg8 $17 53. Qc2 {[#]} (53. f4 $17 {might work better.}) 53... Re6 $1 $19 {[%mdl 512] aiming for ...Rxd4!} 54. Rf2 (54. Nxe6 Rd1) 54... Qa1 55. Re2 Ree7 56. Qd3 Qc1 {Black is clearly winning.} 57. Rd2 Re8 ({Not} 57... Qe1 58. Re2 $19) 58. f4 (58. Re2 $142 Qf1 59. b6) 58... Qe1 {Precision: White = 38%, Black = 61%.} 0-1

[Event "3rd GRENKE Chess Open 2018"]
[Site "Karlsruhe"]
[Date "2018.04.02"]
[Round "9"]
[White "Riff, Jean-Noel"]
[Black "Farago, Ivan"]
[Result "1/2-1/2"]
[WhiteElo "2503"]
[BlackElo "2366"]
[Annotator "TA"]
[PlyCount "29"]
[EventDate "2018.??.??"]
[EventType "swiss"]
[EventCountry "GER"]
[SourceTitle "playchess.com"]
[Source "ChessBase"]
[SourceQuality "1"]

{[%evp 15,29,20,56,-30,35,-19,-6,-19,-28,-57,-51,-54,-57,-57,-49,-66]} 1. e4 e6 2. d4 d5 3. Nd2 h6 (3... c5 4. exd5 Qxd5 5. Ngf3 cxd4 6. Bc4 Qd8 7. O-O Nc6 8. Nb3 a6 9. Nbxd4 Nxd4 10. Nxd4 Qc7 11. Bd3 Nf6 12. Re1 Bd6 13. h3 O-O 14. Bg5 Be5 15. c3 h6 16. Nf3 Bxc3 {1-0 (51) Mamedov,R (2709)-Le,Q (2737) Huaian 2017}) 4. Ngf3 Nf6 5. e5 Nfd7 6. Bd3 {C03: French Tarrasch: Unusual Black 3rd moves} c5 7. c3 Nc6 8. O-O g5 {LiveBook: 55 Games} 9. Qe2 (9. b3 $14) 9... Bg7 $146 (9... cxd4 $11 10. cxd4 g4) ({Predecessor:} 9... Qb6 10. dxc5 Nxc5 11. Bc2 {½-½ (45) Yip,C (2164)-Abrahamyan,T (2342) Saint Louis 2016}) 10. dxc5 ({Better is} 10. Qe3 $14) 10... Nxc5 11. Bb5 O-O 12. h3 Nd7 {[%cal Rd7e5] Black is slightly better.} 13. Bxc6 bxc6 14. Re1 a5 15. Nf1 1/2-1/2

[Event "3rd GRENKE Chess Open 2018"]
[Site "Karlsruhe"]
[Date "2018.04.02"]
[Round "9"]
[White "Noe, Christopher"]
[Black "Kasimdzhanov, Rustam"]
[Result "1-0"]
[WhiteElo "2494"]
[BlackElo "2676"]
[Annotator "TA"]
[PlyCount "81"]
[EventDate "2018.??.??"]
[EventType "swiss"]
[EventCountry "GER"]
[SourceTitle "playchess.com"]
[Source "ChessBase"]
[SourceQuality "1"]

{[%evp 22,81,28,37,27,16,18,22,57,30,67,49,63,19,29,34,29,27,31,23,34,34,35,40,50,53,70,78,78,64,147,43,32,37,38,0,24,9,77,18,60,31,31,20,57,16,83,79,138,139,130,133,122,111,177,175,170,180,176,159,1437,845]} 1. d4 Nf6 2. c4 e6 3. Nc3 Bb4 4. Qc2 O-O 5. Nf3 d6 6. a3 Bxc3+ 7. Qxc3 b6 8. b3 Bb7 9. Bb2 Nbd7 10. e3 Qe7 11. Be2 c5 12. O-O Rac8 {E32: Nimzo-Indian: Classical (4 Qc2): 4...0-0} 13. Rac1 $146 ({Predecessor:} 13. Rad1 d5 14. dxc5 Nxc5 15. Qe5 Rfd8 16. Nd4 Qf8 17. f3 dxc4 18. Bxc4 Bd5 19. Bxd5 {½-½ (19) Timman,J (2620)-Karpov,A (2760) NED/INA 1993}) 13... Rfd8 14. Rfd1 Nf8 {The position is equal.} 15. dxc5 bxc5 16. Nd2 e5 17. Bf3 Ng6 18. Bxb7 Qxb7 19. Qc2 h6 20. Bc3 Re8 21. Nf1 Re6 22. Ng3 Nh4 {[%csl Gh4][%cal Rb7g2]} 23. f3 Ne8 24. f4 exf4 25. exf4 Rc7 (25... g6 $1 $14) 26. Re1 (26. f5 $1 $16 {[%cal Rf5e6]} Re3 27. Qf2) 26... Rxe1+ $14 27. Rxe1 {[%cal Re1e8]} Re7 28. Rc1 Ng6 29. Rf1 Nf8 (29... d5 $11) 30. f5 (30. Nf5 $16 Re6 31. Rf3) 30... f6 31. Nh5 {[%cal Bg3h5,Bh5f4,Bf4e6][%mdl 32]} d5 32. cxd5 Qxd5 33. Nf4 (33. Rd1 $5 {[%cal Rd1d5]} Qc6 34. Nf4 $16) 33... Qc6 (33... Qe4 $11 {keeps the balance.} 34. Qxe4 Rxe4) 34. Bd4 $16 {[%cal Bc3d4,Bd4f2,Bf2g3,Bg3e5][%mdl 32]} Rc7 (34... c4 $142) 35. Rc1 Qd6 36. Qc4+ Kh7 37. Bf2 Nd7 {[#]} (37... Qd2 $16 {is a better defense.}) 38. Ne6 $1 $36 {[%cal Re6c7][%mdl 2048] Black is under strong pressure.} Rc8 {[#]} 39. Bg3 $1 {[%cal Rg3d6]} Ne5 40. Bxe5 $1 Qxe5 $2 (40... fxe5 $16 41. Re1 Nc7) 41. Nf8+ {Precision: White = 63%, Black = 29%.} 1-0

[Event "3rd GRENKE Chess Open 2018"]
[Site "Karlsruhe"]
[Date "2018.04.02"]
[Round "9"]
[White "Poetsch, Hagen"]
[Black "Fridman, Daniel"]
[Result "1/2-1/2"]
[WhiteElo "2484"]
[BlackElo "2637"]
[Annotator "TA"]
[PlyCount "46"]
[EventDate "2018.??.??"]
[EventType "swiss"]
[EventCountry "GER"]
[SourceTitle "playchess.com"]
[Source "ChessBase"]
[SourceQuality "1"]

{[%evp 18,46,17,16,13,0,0,3,3,2,21,3,15,7,7,9,10,0,12,0,13,0,0,0,0,0,10,0,10,4,11]} 1. e4 c6 2. Nc3 d5 3. Nf3 Nf6 4. e5 Ne4 5. Ne2 Qb6 6. d4 {B11: Caro-Kann: Two Knights Variation} e6 7. Nfg1 (7. g3 c5 8. Bg2 Bd7 9. O-O Bb5 10. Re1 Nc6 11. c3 Rc8 12. Be3 Bc4 13. Qc2 {½-½ (48) Naiditsch,A (2702)-Bartel,M (2613) Germany 2017}) 7... f6 8. f3 Ng5 9. exf6 gxf6 10. f4 {LiveBook: 62 Games. The position is equal.} Nf7 11. Nf3 e5 12. fxe5 fxe5 13. Ng3 {[%cal Be2g3,Bg3f5,Bf5d4][%mdl 32]} Bg4 $146 14. Be2 Bxf3 $1 15. Bxf3 {[#] Strongly threatening Bh5.} Qxd4 16. Qxd4 exd4 17. Nf5 Bb4+ 18. Bd2 Na6 19. O-O-O Bxd2+ 20. Rxd2 O-O 21. Re1 Ng5 22. Nxd4 Nxf3 23. Nxf3 Nc5 {Precision: White = 36%, Black = 47%.} 1/2-1/2

[Event "3rd GRENKE Chess Open 2018"]
[Site "Karlsruhe"]
[Date "2018.04.02"]
[Round "9"]
[White "Kuipers, Stefan"]
[Black "Brink, Barry"]
[Result "1-0"]
[WhiteElo "2476"]
[BlackElo "2353"]
[Annotator "TA"]
[PlyCount "53"]
[EventDate "2018.??.??"]
[EventType "swiss"]
[EventCountry "GER"]
[SourceTitle "playchess.com"]
[Source "ChessBase"]
[SourceQuality "1"]

{[%evp 19,53,5,14,0,75,66,68,70,72,73,72,67,117,123,135,134,183,187,172,185,165,185,252,249,261,213,411,309,795,734,670,306,1060,744,1531,1490]} 1. e4 c5 2. Nf3 {[%cal Bg1f3,Bf3d4,Bd4b5][%mdl 32]} e6 3. d4 cxd4 4. Nxd4 Nc6 5. Nc3 Qc7 6. Qd3 {B47: Sicilian: Taimanov: 5 Nc3 Qc7 6 f4, 6 g3 and 6 Be2} (6. Be3 a6 7. Qd2 Nf6 8. f4 Bb4 9. Bd3 Na5 10. a3 Bxc3 11. Qxc3 Qxc3+ 12. bxc3 d5 13. exd5 exd5 14. Nb3 Nc4 15. Bd4 Ne4 {1-0 (57) Carlsen,M (2834)-Matlakov,M (2718) Wijk aan Zee 2018}) 6... Nf6 7. Ndb5 Qb8 8. Qg3 d6 9. Be3 a6 10. Nd4 Bd7 {LiveBook: 12 Games} 11. O-O-O Nxd4 $146 (11... b5 $11 {keeps the balance.}) ({Find the theoretical novelty and annotate with similar games:} 11... b5 12. f3 Ne5 13. Kb1 Nh5 {½-½ (43) Bruzon Batista,L (2653)-Ghaem Maghami,E (2556) Bandar e Anzali 2017}) 12. Bxd4 $16 Bc6 13. Bd3 b5 14. Bxf6 gxf6 15. Rhe1 Bh6+ 16. Kb1 Kf8 17. f4 b4 18. Ne2 Qb6 19. Qh4 Bg7 20. f5 {Strongly threatening fxe6.} Qc5 (20... e5 {might work better.} 21. Ng3 h5 22. Nxh5 Qc5) 21. Nf4 $18 Bd7 22. fxe6 fxe6 $2 (22... Bxe6 {is a better defense.} 23. Qg3 Qe5) 23. e5 f5 $2 (23... dxe5 24. Be4 (24. Bxh7 exf4 25. Rxd7 Rc8 $14) 24... Re8 25. Rxd7 exf4) 24. exd6 Re8 25. Nh5 (25. Bxa6 $142 Rg8 {[#]} 26. Nd5 $1 {[%mdl 512]}) 25... Qxd6 $2 (25... Qd4 26. Qxd4 Bxd4 27. Bxa6 e5) 26. Nxg7 {[#] Intending Qf6+ and mate.} Kxg7 27. Qg5+ {Precision: White = 65%, Black = 20%.} 1-0

[Event "3rd GRENKE Chess Open 2018"]
[Site "Karlsruhe"]
[Date "2018.04.02"]
[Round "9"]
[White "Nasuta, Grzegorz"]
[Black "Bernadskiy, Vitaliy"]
[Result "1/2-1/2"]
[WhiteElo "2465"]
[BlackElo "2588"]
[Annotator "TA"]
[PlyCount "84"]
[EventDate "2018.??.??"]
[EventType "swiss"]
[EventCountry "GER"]
[SourceTitle "playchess.com"]
[Source "ChessBase"]
[SourceQuality "1"]

{[%evp 24,84,73,59,63,50,69,62,62,64,66,71,95,89,88,100,91,101,98,89,86,66,71,76,120,105,122,122,142,91,102,89,155,145,154,146,123,135,133,139,157,157,157,125,119,111,110,103,127,29,47,0,0,0,0,0,0,0,-8,-14,-8,-10,-10]} 1. e4 {[%cal Be2e4,Be4e5][%mdl 32]} Nf6 2. e5 Nd5 3. d4 d6 4. c4 Nb6 5. exd6 exd6 6. Nc3 Be7 7. Bd3 Nc6 8. Nge2 Bg4 9. Be3 {B03: Alekhine's Defence: Four Pawns Attack} (9. f3 Bh4+ 10. g3 Bxf3 11. O-O Bxe2 12. Qxe2+ Be7 13. Qe4 Qd7 14. Nd5 Nxd5 15. cxd5 Nb4 16. Bb1 Qb5 17. Bg5 {1-0 (31) Volokitin,A (2649)-Bortnyk,O (2581) Doha 2016}) 9... Bh5 10. b3 Bf6 11. Qd2 O-O 12. O-O Bg6 13. Bxg6 {LiveBook: 3 Games} hxg6 14. a4 $146 ({Find the theoretical novelty and annotate with similar games:} 14. d5 Ne7 15. Nd4 Nf5 16. Nxf5 gxf5 17. Bd4 {½-½ (35) Ochsner,B (2455)-Yankelevich,L (2435) Boeblingen 2017}) 14... a5 15. d5 Nb4 16. Bxb6 cxb6 17. Rae1 Re8 18. Nb5 Na6 19. Ng3 Rxe1 20. Rxe1 Nc5 21. Qe3 Bg5 22. f4 Bh4 23. Re2 f5 24. Nf1 Bf6 25. Nd2 g5 26. Nf3 (26. h3 $142) 26... gxf4 $16 27. Qxf4 Nxb3 (27... Qd7 $142) 28. Qxf5 ({Don't do} 28. Nxd6 $6 Qc7 $11) 28... Nc5 29. g4 $1 {[%cal Bg2g4,Bg4g5][%mdl 32]} Qc8 {[#]} 30. Qxc8+ $1 ({Resist} 30. Nxd6 $6 Qxf5 31. Nxf5 Nxa4 $14) 30... Rxc8 {[#]} 31. g5 $1 {[%cal Rg5f6]} Be5 32. Nxe5 dxe5 33. Rxe5 {[%mdl 4096] Endgame KRN-KRN} Kh7 34. Re7 Kg6 35. Nd6 Rb8 36. h4 (36. Rc7 $16) 36... Rh8 $11 37. Nxb7 (37. Re6+ $14 Kh5 38. Re7) 37... Rxh4 {The position is equal.} 38. Nd6 Nxa4 39. Ne8 Kxg5 40. Rxg7+ Kf5 41. Rc7 Nc5 {With the idea ...Ke5.} 42. Nd6+ Ke5 {Precision: White = 74%, Black = 75%.} 1/2-1/2

[Event "3rd GRENKE Chess Open 2018"]
[Site "Karlsruhe"]
[Date "2018.04.02"]
[Round "9"]
[White "Hirneise, Tobias"]
[Black "Savina, Anastasia"]
[Result "1/2-1/2"]
[WhiteElo "2463"]
[BlackElo "2358"]
[Annotator "TA"]
[PlyCount "95"]
[EventDate "2018.??.??"]
[EventType "swiss"]
[EventCountry "GER"]
[SourceTitle "playchess.com"]
[Source "ChessBase"]
[SourceQuality "1"]

{[%evp 9,95,27,46,38,35,41,34,27,37,32,34,36,45,35,69,76,81,97,95,106,91,101,72,89,88,89,161,154,156,158,158,151,155,169,169,164,144,140,140,151,151,155,161,163,190,167,228,168,410,210,291,292,292,292,285,277,277,278,281,279,251,162,152,135,145,147,170,166,244,229,258,255,292,292,292,102,285,285,256,183,182,180,162,0,113,68,68,0]} 1. d4 Nf6 2. c4 g6 3. g3 c5 4. dxc5 (4. d5 Bg7 5. Nc3 O-O 6. Bg2 d6 7. Nf3 e6 8. O-O exd5 9. cxd5 Re8 10. Re1 Ne4 11. Nxe4 Rxe4 12. Qc2 Re8 13. e4 Bg4 14. Nd2 Na6 15. a3 b5 16. Rb1 c4 17. b4 cxb3 18. Nxb3 {1-0 (41) Grischuk,A (2767)-Svidler,P (2760) Moscow 2018}) 4... Qa5+ 5. Nc3 Qxc5 6. e4 $146 {E60: King's Indian: Unusual lines and Fianchetto Variation without Nc3} ({Predecessor:} 6. Bg2 Bg7 7. Qa4 O-O 8. Be3 Qc7 9. Nf3 d6 10. Rc1 Bd7 11. Qa3 a5 {0-1 (47) Andeer,S (2476)-Ivanov,B (2401) ICCF email 2014}) 6... d6 7. Be3 Qa5 8. Qd2 Nc6 9. h3 Bg7 10. Rc1 O-O 11. Bg2 Nd7 12. Nge2 Nde5 13. b3 Nb4 14. O-O Bxh3 15. Nd5 $1 Bxg2 16. Nxe7+ Kh8 17. Kxg2 Qxa2 (17... Qc7 $16 {was necessary.}) 18. Rh1 $18 Qxd2 ({Don't blunder} 18... Qxb3 $2 19. Rxh7+ $1 {[%mdl 512]} (19. Rb1 Qd3 $17) 19... Kxh7 20. Rh1+ Bh6 21. Rxh6+ Kg7 22. Qxd6 $18) 19. Bxd2 {White threatens Rxh7+! and mate.} Rfe8 {[#]} 20. Rxh7+ $3 {[%mdl 512]} Kxh7 21. Rh1+ Bh6 22. Bxh6 {[%cal Rh6f8]} Rxe7 23. Bf8+ Kg8 24. Bxe7 {White wants to mate with Bf6.} Kg7 25. Bxd6 Nec6 26. Nf4 a5 27. Nd5 Re8 (27... g5 {was worth a try.} 28. Ne3 a4 29. bxa4 Rxa4) 28. f3 Re6 $2 (28... g5 29. Nxb4 axb4) 29. Bf4 (29. Nc7 $142) 29... f5 30. Bd2 fxe4 31. Bc3+ Kf7 32. Rh7+ Kg8 33. Rh8+ Kf7 34. fxe4 $1 Rxe4 35. Bxb4 axb4 {[%mdl 4096] Endgame [#] KRN-KRN} 36. Rh7+ $1 Ke6 37. Rxb7 {Black must now prevent Rb6.} Re2+ 38. Kh3 {And now Nf4+ would win.} Rb2 (38... Kf5 $142 39. Nxb4 Ne5) 39. Nxb4 Ne5 40. Rb6+ Kf5 41. Nd5 g5 {( -> ...g4+)} 42. Ne7+ Ke4 {[#]} 43. Re6 $1 Kd4 44. Nf5+ Ke4 45. Nd6+ Kd4 46. Nf5+ Ke4 47. Ne3 {Strongly threatening Ng4.} Kd4 $1 48. Nf5+ {Precision: White = 78%, Black = 53%.} ({White should play} 48. b4 $14) 1/2-1/2

[Event "3rd GRENKE Chess Open 2018"]
[Site "Karlsruhe"]
[Date "2018.04.02"]
[Round "9"]
[White "Firat, Burak"]
[Black "Moussard, Jules"]
[Result "1-0"]
[WhiteElo "2446"]
[BlackElo "2576"]
[Annotator "TA"]
[PlyCount "97"]
[EventDate "2018.??.??"]
[EventType "swiss"]
[EventCountry "GER"]
[SourceTitle "playchess.com"]
[Source "ChessBase"]
[SourceQuality "1"]

{[%evp 17,97,7,10,0,0,5,12,18,22,24,24,23,47,41,52,42,50,39,55,58,55,53,55,34,61,27,60,75,68,32,41,23,97,105,104,99,260,150,171,124,85,0,0,0,52,0,5,31,18,0,0,-10,91,0,0,0,0,0,243,16,252,214,374,364,541,546,541,542,519,506,542,592,586,585,549,557,534,495,1812,1627,1076,925]} 1. e4 e5 2. Nf3 Nc6 3. Bc4 Bc5 4. d3 Nf6 5. O-O d6 6. c3 a6 7. a4 {C54: Giuoco Piano: 4 c3 Nf6, main lines with 5 d4 and 5 d3} Ba7 (7... O-O 8. h3 h6 9. Re1 Re8 10. Nbd2 Be6 11. Bxe6 Rxe6 12. b4 Ba7 13. Qc2 Qd7 14. Nf1 d5 15. Ng3 Rd8 16. exd5 Qxd5 {½-½ (63) Carlsen,M (2834)-Kramnik,V (2787) Wijk aan Zee 2018}) 8. Na3 O-O 9. Nc2 Ne7 {LiveBook: 10 Games} 10. Bg5 Ng6 11. Nh4 Nxh4 $146 ({Predecessor:} 11... Nf4 12. d4 Be6 13. dxe5 dxe5 14. Bxe6 fxe6 15. Bxf4 exf4 {0-1 (49) Bologan,V (2640)-Fedoseev,V (2665) Sochi 2016}) 12. Bxh4 h6 13. Kh1 g5 14. Bg3 Bg4 15. f3 Bh5 16. Ba2 Bg6 17. d4 exd4 18. cxd4 d5 19. e5 Nh5 20. Ne3 c6 21. Bb1 f5 22. Be1 Qe8 23. b4 Ng7 24. Bc3 h5 (24... Bb6 $11) 25. f4 $16 Qe7 26. g3 h4 $2 (26... Ne6 $16 {was necessary.}) 27. Ra2 (27. g4 $1 $18) 27... hxg3 {White should prevent ...gxf4.} 28. hxg3 gxf4 29. gxf4 {Hoping for Rh2.} Kf7 $1 {And now ...Rh8+ would win.} 30. Rh2 Rh8 {Threatens to win with ...Rxh2+.} 31. Qe2 (31. Rff2 $1 $14) 31... Rh5 32. Rxh5 Bxh5 33. Qh2 Rh8 {...Bf3+! is the strong threat.} 34. Kg1 Qe6 (34... Qf8 $11 {keeps the balance.}) 35. Kf2 (35. Qh3 $1 $16) 35... a5 $1 $11 36. Rg1 $36 {[%mdl 2048] White fights for an advantage.} axb4 37. Bb2 c5 $2 {[#]} (37... Kf8 $11) 38. Qg3 $2 ({Only move:} 38. Qg2 $1 $18 {[%cal Rg2g7]} Bg4 39. Nxg4 fxg4 40. f5 Nxf5 41. Qxg4 Rh2+ 42. Ke1) 38... Bg6 $2 {[#]} (38... Qh6 $1 $11) 39. Nxd5 $1 $18 {[%mdl 512]} cxd4 $2 (39... Nh5 40. Qg2 cxd4) (39... Qxd5 40. Qxg6+) 40. Bd3 Ne8 {[#]} (40... Rh6 {was worth a try.}) 41. Nf6 $1 {[%mdl 512] White is clearly winning.} Rh6 (41... Nxf6 42. Qxg6+) 42. Qg5 Nxf6 43. Qxh6 Ng4+ 44. Rxg4 $1 fxg4 {[#]} 45. f5 $1 {[%cal Rf5e6][%mdl 512]} Bxf5 46. Qf4 $1 {[%csl LRd4,LRf5]} g3+ 47. Kf1 Bb8 (47... g2+ $142 48. Kg1 (48. Kxg2 Qg6+ 49. Kf2 Ke6 $11) 48... Kg6) 48. Bxd4 g2+ 49. Kg1 {Precision: White = 55%, Black = 43%.} 1-0

[Event "3rd GRENKE Chess Open 2018"]
[Site "Karlsruhe"]
[Date "2018.04.02"]
[Round "9"]
[White "Zatonskih, Anna"]
[Black "Hess, Max"]
[Result "1/2-1/2"]
[WhiteElo "2446"]
[BlackElo "2324"]
[Annotator "TA"]
[PlyCount "39"]
[EventDate "2018.??.??"]
[EventType "swiss"]
[EventCountry "GER"]
[SourceTitle "playchess.com"]
[Source "ChessBase"]
[SourceQuality "1"]

{[%evp 28,29,5,0]} 1. d4 Nf6 2. Nf3 g6 3. c4 Bg7 4. g3 O-O 5. Bg2 d6 6. O-O Nbd7 7. Nc3 e5 8. e4 exd4 9. Nxd4 Re8 10. h3 a6 11. Be3 Rb8 12. b3 {E68: King's Indian: Fianchetto: 6...Nbd7 7 0-0 e5 8 e4} Ne5 13. f4 Ned7 14. Bf2 c5 15. Nc2 {[#] LiveBook: 3 Games} {Predecessor:} b5 $146 16. Qxd6 b4 17. Na4 Nxe4 18. Bxe4 Bxa1 19. Rxa1 Rxe4 20. Nxc5 {0-1 (27) Howell,D (2702)-McShane,L (2644) Llandudno 2017} 1/2-1/2

[Event "3rd GRENKE Chess Open 2018"]
[Site "Karlsruhe"]
[Date "2018.04.02"]
[Round "9"]
[White "Martin, Julian"]
[Black "Sadzikowski, Daniel"]
[Result "0-1"]
[WhiteElo "2412"]
[BlackElo "2583"]
[Annotator "TA"]
[PlyCount "76"]
[EventDate "2018.??.??"]
[EventType "swiss"]
[EventCountry "GER"]
[SourceTitle "playchess.com"]
[Source "ChessBase"]
[SourceQuality "1"]

{[%evp 15,76,15,7,-14,-7,-35,-20,-69,-69,-71,-69,-63,-64,-59,-64,-117,-120,-126,-78,-75,-84,-76,-47,-151,-170,-177,-178,-202,-167,-247,-210,-432,-389,-399,-403,-593,-653,-619,-603,-564,-766,-771,-744,-760,-750,-746,-739,-700,-707,-626,-597,-1118,-1023,-1574,-1454,-1657,-1653,-29987,-5510,-5510,-5347,-1963,-1822]} 1. e4 c5 2. Nf3 d6 3. d4 cxd4 4. Nxd4 Nf6 5. Nc3 a6 6. h3 e5 7. Nb3 Be7 {B90: Sicilian Najdorf: Unusual White 6th moves, 6 Be3 Ng4 and 6 Be3 e5} (7... Be6 8. Be3 h5 9. Be2 Nbd7 10. O-O Rc8 11. Qd2 b5 12. Rfd1 Nb6 13. Bxb6 Qxb6 14. a4 b4 15. Nd5 Nxd5 16. exd5 {0-1 (43) Anand,V (2783)-Kovalyov,A (2641) Tbilisi 2017}) 8. g4 h6 {LiveBook: 8 Games} 9. Bg2 Nbd7 {The position is equal.} 10. a4 $146 ({Predecessor:} 10. Be3 Qc7 11. Qe2 b5 12. O-O-O Bb7 13. f4 b4 14. Nd5 Nxd5 15. exd5 {1-0 (38) Enevoldsen,J-Fedder,S Esbjerg 1972}) 10... Nf8 11. Nd5 Nxd5 12. exd5 Ng6 13. Be4 O-O 14. Bxg6 fxg6 15. Be3 ({Better is} 15. Qd3 $15) 15... Bg5 $17 16. Qd3 Bd7 17. Nd2 Bxe3 18. Qxe3 Qa5 {Threatens to win with ...Rac8.} 19. Qd3 (19. c4 $1 $15) 19... Rf4 (19... Bxa4 20. b3 $16) 20. c3 Raf8 ({Don't take} 20... Bxa4 21. O-O $17) ({Don't play} 20... Rxa4 21. Rxa4 Qxa4 22. O-O $15) 21. f3 b5 $1 ({Much less strong is} 21... Rxa4 22. Rxa4 Bxa4 23. b3 $17) 22. b4 {[#]} (22. O-O {might work better.} bxa4 23. Rf2) 22... Qd8 $1 $19 23. a5 $2 (23. Qe2 {was necessary.}) 23... Qh4+ 24. Kd1 Qg3 {[%cal Rf4f3] aiming for ...Rxf3.} 25. Kc2 {[#]} (25. Rf1 $142 e4 26. Nxe4 Qxh3 27. Nd2 Bxg4 28. Kc1) 25... Rxf3 $1 26. Nxf3 Rxf3 27. Qd1 Rxc3+ 28. Kb2 Rd3 29. Qc2 Qe3 30. Rad1 Qd4+ $1 31. Ka2 Qxd5+ 32. Kb1 Rb3+ 33. Kc1 Qf3 34. Rhf1 Qxh3 35. Rh1 Qg3 36. Qxg6 Qc3+ (36... Qe3+ $142 37. Rd2 Rc3+ 38. Qc2 Rxc2+ 39. Kxc2 Qe4+ 40. Rd3 Qxh1 41. Kb2 Qe4 42. Rc3 Qxb4+ 43. Kc2 Bxg4 44. Rc7 Qxa5 45. Rc6 Bf5+ 46. Kd1 Qa1+ 47. Kd2 Qd4+ 48. Kc1 b4 49. Rc2 Qe3+ 50. Kb2 Qa3+ 51. Kb1 Qa4 52. Kb2 Qxc2+ 53. Ka1 Qb1#) 37. Qc2 Qxb4 38. Rd3 Qf4+ {Precision: White = 31%, Black = 89%.} 0-1